2023 NCAA Football Top 25 Teams - Statistics

General Stats
  • This quiz has been taken 598 times
    520 since last reset
  • The average score is 27 of 43
Answer Stats
Week(s) High Low Team % Correct
15 1 3 Michigan
98%
15 3 13 Alabama
96%
15 1 6 Georgia
95%
15 1 7 Ohio State
93%
15 3 11 Texas
93%
15 2 10 Washington
89%
2 22 - Florida
85%
15 5 15 Oregon
85%
15 3 8 Florida State
84%
15 5 20 Oklahoma
79%
15 5 23 LSU
77%
10 5 - USC
77%
15 9 23 Tennessee
75%
5 9 - Clemson
74%
15 6 12 Penn State
73%
2 23 - Texas A&M
69%
9 16 - Iowa
67%
15 9 22 Mississippi
67%
1 17 - TCU
67%
5 16 - Kansas
66%
6 18 - UCLA
66%
3 18 - Colorado
64%
5 17 - Miami
64%
11 10 - North Carolina
64%
6 15 - Oklahoma State
63%
9 15 - Kansas State
62%
15 9 21 Notre Dame
62%
15 11 20 Oregon State
62%
2 20 - Kentucky
56%
5 14 - Arizona
55%
10 9 - Missouri
55%
12 10 - Utah
55%
5 13 - Washington State
53%
2 19 - Wisconsin
52%
3 18 - North Carolina State
47%
8 16 - Duke
46%
10 10 - Louisville
41%
9 22 - Tulane
41%
1 24 - SMU
35%
1 25 - James Madison
27%
3 23 - Liberty
27%
3 19 - Air Force
19%
2 24 - Fresno State
16%
No matching quizzes found
Score Distribution
Percent of People with Each Score
Percentile by Number Answered
Your Score History
You have not taken this quiz since the last reset